Kultúrna diplomacia na príklade hispanofónnych štátov bakalárska práca

Uložené v:
Podrobná bibliografia
Hlavný autor: Kyselicová, Zuzana
Korporativný autor: Fakulta medzinárodných vzťahov EU. Katedra medzinárodných ekonomických vzťahov a hospodárskej diplomacie
Ďalší autori: Polgár, Michal
Médium: Kniha
Jazyk:Slovak
Vydavateľské údaje: Bratislava 2013
Tagy: Pridať tag
Žiadne tagy, Buďte prvý, kto otaguje tento záznam!

MARC

LEADER 00000nbm a2200000 4500
001 0172784
005 20161109112117.8
041 0 |a slo 
044 |a SK 
245 1 0 |a Kultúrna diplomacia na príklade hispanofónnych štátov  |b bakalárska práca  |c Zuzana Kyselicová ; školiteľ: Michal Polgár 
264 1 |a Bratislava  |c 2013 
300 |a 48 s. 
100 1 |a Kyselicová, Zuzana 
700 1 |a Polgár, Michal 
710 2 |a Fakulta medzinárodných vzťahov EU. Katedra medzinárodných ekonomických vzťahov a hospodárskej diplomacie